[Event "?"]
[Site "ICC 3 0 07/20/97, Internet Ch"]
[Date "1997.??.??"]
[Round "?"]
[White "Dorobanov"]
[Black "fide2280"]
[Result "1-0"]
[WhiteElo "2520"]
[BlackElo "2585"]
[PlyCount "77"]

1. e4 e5 2. Nf3 Nc6 3. Nc3 Nf6 4. Nxe5 Nxe5 5. d4 Nc6 6. d5 Nb8 7. e5 Ng8 8. d6
cxd6 9. exd6 Qf6 10. Nb5 Na6 11. Bc4 Qe5+ 12. Be3 g6 13. O-O f6 14. Re1 Kd8 15.
Bxa7 Qxb5 16. Bxb5 Rxa7 17. Qd4 Bxd6 18. Qxd6 h5 19. Qb6+ Nc7 20. Qxa7 Ne7 21.
Qc5 Ned5 22. Rad1 b6 23. Qd6 Re8 24. Rxe8+ Kxe8 25. Rxd5 Nxd5 26. Qxd5 Ke7 27.
b4 d6 28. a4 Bf5 29. a5 bxa5 30. bxa5 Be6 31. Qb7+ Kd8 32. a6 Bc8 33. Qb6+ Ke7
34. a7 Bf5 35. a8=Q Ke6 36. Qad8 Bxc2 37. Qdxd6+ Kf5 38. Qxf6+ Ke4 39. Qbe6#
1-0

[Event "?"]
[Site "ICC 3 0 07/20/97, Internet Ch"]
[Date "1997.??.??"]
[Round "?"]
[White "Dorobanov"]
[Black "fide2280"]
[Result "0-1"]
[WhiteElo "2525"]
[BlackElo "2580"]
[PlyCount "116"]

1. e4 e5 2. Nf3 Nc6 3. Nc3 Nf6 4. Nxe5 Nxe5 5. d4 Ng6 6. e5 Ng8 7. Bc4 c6 8.
Qf3 Qe7 9. Ne4 Qb4+ 10. Qc3 Qxc3+ 11. bxc3 f6 12. Nd6+ Bxd6 13. exd6 Nh6 14.
O-O Nf8 15. Re1+ Ne6 16. Ba3 Nf7 17. f4 f5 18. Re2 O-O 19. Bxe6 dxe6 20. d7
Bxd7 21. Bxf8 Kxf8 22. Rb1 Nd6 23. c4 Rb8 24. c5 Ne4 25. a4 a5 26. Re3 Ke7 27.
Reb3 Bc8 28. Rb6 Kd7 29. Kf1 Nd2+ 30. Ke2 Nxb1 31. Rxb1 Kc7 32. Rb6 Bd7 33. c3
Rf8 34. Ke3 Rf6 35. g3 Rh6 36. h4 Rf6 37. Rb2 g6 38. Rb1 h6 39. Rb2 Rf8 40. Rb1
Ra8 41. Rb2 Rg8 42. Rb1 g5 43. hxg5 hxg5 44. fxg5 Rxg5 45. Kf3 Rh5 46. Kf4 Rh2
47. Ke5 Re2+ 48. Kf6 Rg2 49. Ke7 Rxg3 50. Re1 Rg7+ 51. Kf6 Rg3 52. Ke7 Rxc3 53.
Rh1 Rc4 54. Rh4 Rxa4 55. Rf4 e5 56. Rh4 Rxd4 57. Rh6 a4 58. Rd6 a3 0-1

[Event "?"]
[Site "ICC 3 0 07/21/97, Internet Ch"]
[Date "1997.??.??"]
[Round "?"]
[White "Dorobanov"]
[Black "nataf"]
[Result "1-0"]
[WhiteElo "2505"]
[BlackElo "2365"]
[PlyCount "45"]

1. e4 e5 2. Nf3 Nc6 3. Nc3 Nf6 4. Nxe5 Nxe5 5. d4 Nc6 6. d5 Nb8 7. e5 Ng8 8. d6
Nc6 9. Nb5 cxd6 10. exd6 Qf6 11. Nc7+ Kd8 12. Nxa8 Bxd6 13. Be3 b6 14. Bc4 Bb7
15. Nxb6 axb6 16. Bxb6+ Kc8 17. O-O Nge7 18. Qe2 Kb8 19. Ba6 Qh6 20. g3 Bxa6
21. Qxa6 Nf5 22. Qb5 Nfd4 23. Bxd4+ 1-0

[Event "?"]
[Site "ICC 3 0 08/20/97, Internet Ch"]
[Date "1997.??.??"]
[Round "?"]
[White "Dorobanov"]
[Black "evbad"]
[Result "1/2-1/2"]
[WhiteElo "2365"]
[BlackElo "2350"]
[PlyCount "93"]

1. e4 e5 2. Nf3 Nc6 3. Nc3 Nf6 4. Nxe5 Nxe5 5. d4 Nc6 6. d5 Bb4 7. dxc6 Nxe4 8.
Qd4 Bxc3+ 9. bxc3 O-O 10. Bd3 d5 11. cxb7 Bxb7 12. O-O c5 13. Qa4 Qe8 14. Qxe8
Rfxe8 15. c4 d4 16. Ba3 Rac8 17. Rfe1 Re6 18. f3 Nd6 19. Rxe6 fxe6 20. Re1 Kf7
21. Re5 Ba6 22. Rxc5 Rxc5 23. Bxc5 Nxc4 24. Bxa7 e5 25. f4 Ke6 26. fxe5 Kxe5
27. Kf2 Bb5 28. a4 Ba6 29. Ke2 g6 30. g3 Kd5 31. Bxc4+ Kxc4 32. a5 Bb7 33. Bb6
Ba6 34. Kd2 Bb5 35. Bc7 Ba6 36. Be5 Bb7 37. c3 d3 38. Bd4 Bc8 39. Ke3 Bb7 40.
Kd2 Bc8 41. Bb6 Ba6 42. Bd8 h5 43. Bf6 Bb7 44. h4 Bc8 45. Bg5 Ba6 46. Be3 Bb7
47. Bb6 1/2-1/2

[Event "?"]
[Site "ICC 3 0 08/21/97, Internet Ch"]
[Date "1997.??.??"]
[Round "?"]
[White "evbad"]
[Black "mifish"]
[Result "1-0"]
[WhiteElo "2370"]
[BlackElo "2180"]
[PlyCount "35"]

1. e4 e5 2. Nf3 Nc6 3. Nc3 Nf6 4. Nxe5 Nxe5 5. d4 Bb4 6. dxe5 Nxe4 7. Qd4 Bxc3+
8. bxc3 d5 9. f3 Ng5 10. Bd3 Ne6 11. Qf2 c6 12. f4 Qa5 13. O-O Qxc3 14. Be3 d4
15. Bd2 Qc5 16. f5 Nc7 17. Rae1 O-O 18. Qg3 1-0

[Event "?"]
[Site "ICC 3 1 07/22/97, Internet Ch"]
[Date "1997.??.??"]
[Round "?"]
[White "Dorobanov"]
[Black "Tremere"]
[Result "0-1"]
[WhiteElo "2425"]
[BlackElo "2740"]
[PlyCount "50"]

1. e4 e5 2. Nf3 Nc6 3. Nc3 Nf6 4. Nxe5 Nxe5 5. d4 Nc6 6. d5 Na5 7. e5 Qe7 8.
Qe2 Ng8 9. Nb5 Kd8 10. d6 cxd6 11. exd6 Qxe2+ 12. Bxe2 Nf6 13. Bd2 Nc6 14.
O-O-O b6 15. Bg5 Ba6 16. Rhe1 Rc8 17. Nc7 Bxe2 18. Rxe2 Bxd6 19. Rxd6 Kxc7 20.
Red2 Rce8 21. c3 Ne4 22. Rxd7+ Kc8 23. Bf4 Nxd2 24. Rc7+ Kd8 25. Rxc6 Ne4 0-1

[Event "?"]
[Site "ICC 3 0 12/27/97, Internet Ch"]
[Date "1997.??.??"]
[Round "?"]
[White "evbad"]
[Black "jcking"]
[Result "1/2-1/2"]
[WhiteElo "2535"]
[BlackElo "2475"]
[PlyCount "110"]

1. e4 e5 2. Nf3 Nc6 3. Nc3 Nf6 4. Nxe5 Nxe5 5. d4 Nc6 6. d5 Ne7 7. e5 Nfg8 8.
d6 Ng6 9. Nb5 cxd6 10. exd6 Qb6 11. Be3 Qc6 12. Be2 Nf6 13. O-O Ne4 14. Nc7+
Kd8 15. Nxa8 Bxd6 16. Bxa7 b5 17. Bb6+ Ke8 18. Bf3 f5 19. Re1 Bb7 20. Qd4 Kf7
21. Rad1 Bxa8 22. Bxe4 fxe4 23. Qxd6 Qxd6 24. Rxd6 Bc6 25. Be3 Ra8 26. a3 Re8
27. h3 Ne5 28. Red1 Nc4 29. R6d4 Nxb2 30. Rxd7+ Bxd7 31. Rxd7+ Re7 32. Rxe7+
Kxe7 33. Bd4 Nc4 34. Bxg7 Nxa3 35. c3 Nc4 36. Kf1 Ke6 37. Ke2 Kd5 38. g4 Nd6
39. h4 Nf7 40. g5 Nd6 41. Bf6 Nf5 42. h5 Ke6 43. Bd4 Nd6 44. g6 hxg6 45. h6 Nf7
46. h7 Kd5 47. h8=Q Nxh8 48. Bxh8 g5 49. Ke3 g4 50. Bg7 Kc4 51. Kf4 Kc5 52.
Kxe4 Kc4 53. Kf4 Kc5 54. Kxg4 Kc4 55. Kf3 Kc5 1/2-1/2

[Event "?"]
[Site "ICC 3 0 09/12/97, Internet Ch"]
[Date "1997.??.??"]
[Round "?"]
[White "evbad"]
[Black "MrGekko"]
[Result "1-0"]
[WhiteElo "2430"]
[BlackElo "2575"]
[PlyCount "29"]

1. e4 e5 2. Nf3 Nc6 3. Nc3 Nf6 4. Nxe5 Nxe5 5. d4 Nc6 6. d5 Ne5 7. f4 Ng6 8. e5
Ng8 9. d6 cxd6 10. exd6 Qf6 11. Nb5 Kd8 12. Be3 Nh6 13. Qd2 Nf5 14. Qa5+ b6 15.
Bxb6+ 1-0

[Event "?"]
[Site "ICC 3 0 09/13/97, Internet Ch"]
[Date "1997.??.??"]
[Round "?"]
[White "evbad"]
[Black "frenchkiller"]
[Result "1/2-1/2"]
[WhiteElo "2480"]
[BlackElo "2640"]
[PlyCount "111"]

1. e4 e5 2. Nf3 Nc6 3. Nc3 Nf6 4. Nxe5 Nxe5 5. d4 Ng6 6. e5 Ng8 7. Bc4 d5 8.
Bxd5 c6 9. Be4 Bb4 10. O-O N8e7 11. f4 Bf5 12. Bf3 h5 13. Ne4 Nh4 14. c3 Nxf3+
15. Qxf3 Qd5 16. Re1 Ba5 17. Nd6+ Kd7 18. Qxd5 cxd5 19. Nxf7 Rhf8 20. Ng5 Be6
21. Bd2 Nf5 22. g3 Nxd4 23. b4 Nc2 24. bxa5 Nxa1 25. Rxa1 Bf5 26. Be3 Rfc8 27.
Bd4 b6 28. Re1 bxa5 29. e6+ Ke7 30. Bxg7 Rab8 31. Bd4 Rb2 32. h3 Rxa2 33. g4
hxg4 34. hxg4 Bxg4 35. Re5 Rb8 36. Bc5+ Ke8 37. Re1 Rbb2 38. Nh7 Bxe6 39. Rxe6+
Kf7 40. Ng5+ Kg8 41. Re8+ Kg7 42. Bd4+ Kg6 43. Re1 Kf5 44. Nf3 Rg2+ 45. Kf1
Kxf4 46. Ng1 Rgc2 47. Ne2+ Ke4 48. Ng3+ Kf3 49. Nh1 Rh2 50. Re3+ Kf4 51. Kg1
Rxh1+ 52. Kxh1 a4 53. Kg1 Ra1+ 54. Kg2 Ra2+ 55. Kh3 Rh2+ 56. Kxh2 1/2-1/2

[Event "?"]
[Site "ICC 3 0 09/13/97, Internet Ch"]
[Date "1997.??.??"]
[Round "?"]
[White "evbad"]
[Black "frenchkiller"]
[Result "0-1"]
[WhiteElo "2470"]
[BlackElo "2660"]
[PlyCount "54"]

1. e4 e5 2. Nf3 Nc6 3. Nc3 Nf6 4. Nxe5 Nxe5 5. d4 Ng6 6. e5 Ng8 7. Bc4 d5 8.
Bxd5 c6 9. Bf3 Bb4 10. O-O N8e7 11. Ne4 O-O 12. c3 Ba5 13. g4 Nd5 14. Bg2 Ndf4
15. g5 Bf5 16. Nf6+ gxf6 17. gxf6 Kh8 18. Bf3 Rg8 19. Kh1 Be6 20. Bxf4 Nxf4 21.
Qd2 Nh3 22. Qh6 Rg6 23. Qh4 Qd7 24. Be4 Bd5 25. f3 Bxe4 26. Qxe4 Rag8 27. a4
Rg1+ 0-1

[Event "?"]
[Site "ICC 3 0 08/26/97, Internet Ch"]
[Date "1997.??.??"]
[Round "?"]
[White "evbad"]
[Black "lhg"]
[Result "1/2-1/2"]
[WhiteElo "2340"]
[BlackElo "2390"]
[PlyCount "100"]

1. e4 e5 2. Nf3 Nc6 3. Nc3 Nf6 4. Nxe5 Nxe5 5. d4 Ng6 6. e5 Ng8 7. Bc4 d5 8.
Bxd5 c6 9. Bc4 Bb4 10. O-O Be6 11. Bxe6 fxe6 12. Ne4 Be7 13. c3 Nh6 14. Bxh6
gxh6 15. Qh5 Qd5 16. Rfe1 O-O-O 17. Qxh6 Rhg8 18. Qxh7 Rdf8 19. g3 Qd7 20. Nd6+
Bxd6 21. Qxd7+ Kxd7 22. exd6 Kxd6 23. Kf1 e5 24. dxe5+ Ke6 25. Rad1 Rd8 26. f4
Rxd1 27. Rxd1 Kf5 28. Kf2 Rh8 29. Kf3 Rxh2 30. g4+ Ke6 31. f5+ Kxe5 32. fxg6
Kf6 33. g7 Kxg7 34. Rd7+ Kf6 35. Rxb7 Kg5 36. Kg3 Rd2 37. Rg7+ Kf6 38. Rxa7
Rxb2 39. Ra6 Rc2 40. Rxc6+ Kg5 41. Rc5+ Kg6 42. a4 Ra2 43. a5 Ra4 44. c4 Ra1
45. Kf4 Rf1+ 46. Ke5 Re1+ 47. Kd6 Rd1+ 48. Kc6 Ra1 49. Kb6 Rb1+ 50. Ka6 Ra1
1/2-1/2

[Event "?"]
[Site "ICC 4 2 12/28/97, Internet Ch"]
[Date "1997.??.??"]
[Round "?"]
[White "MoonBeam"]
[Black "Adla"]
[Result "0-1"]
[WhiteElo "2555"]
[BlackElo "2240"]
[PlyCount "136"]

1. e4 e5 2. Nf3 Nc6 3. Nc3 Nf6 4. Nxe5 Nxe5 5. f4 Nc6 6. e5 Ng8 7. Bc4 d6 8.
exd6 Bxd6 9. O-O Nge7 10. d4 O-O 11. Ne4 Bf5 12. Re1 Ng6 13. Ng3 Qd7 14. Nxf5
Qxf5 15. d5 Nce7 16. g3 Rae8 17. Be3 Nc8 18. Qd2 Nb6 19. Bb5 Re7 20. c4 a6 21.
c5 axb5 22. cxb6 cxb6 23. Bxb6 h5 24. Rxe7 Nxe7 25. Rd1 Rc8 26. Qe2 Rc2 27.
Qxb5 Qe4 28. Bf2 Nf5 29. Qd3 Qxd3 30. Rxd3 Rxb2 31. a3 b5 32. Kf1 Kf8 33. Kg1
Ke7 34. Bb6 Kd7 35. Bf2 g6 36. Kf1 Kc7 37. Kg1 Kb7 38. h3 Ra2 39. g4 hxg4 40.
hxg4 Ne7 41. Rd1 Rxa3 42. Bh4 Rf3 43. Bxe7 Bxe7 44. d6 Bd8 45. f5 gxf5 46. gxf5
Rxf5 47. Rb1 Bb6+ 48. Kh2 Kc6 49. Ra1 Kxd6 50. Ra8 b4 51. Rb8 Kc7 52. Re8 b3
53. Re7+ Kd6 54. Re1 b2 55. Kh3 Bd4 56. Rd1 Kd5 57. Kh4 Rf2 58. Kg3 Rc2 59. Rb1
Rc1 60. Rxb2 Bxb2 61. Kf3 Rc4 62. Kf2 Rc3 63. Ke2 Ke4 64. Ke1 Ke3 65. Kf1 Rc2
66. Kg1 Kf3 67. Kh1 Be5 68. Kg1 Rc1# 0-1

[Event "?"]
[Site "ICC 5 12 03/18/97, Internet C"]
[Date "1997.??.??"]
[Round "?"]
[White "Brause"]
[Black "QueenK"]
[Result "1-0"]
[WhiteElo "2690"]
[BlackElo "2730"]
[PlyCount "109"]

1. e4 e5 2. Nf3 Nc6 3. Nc3 Nf6 4. Nxe5 Nxe5 5. d4 Ng6 6. e5 Ng8 7. Bc4 Bb4 8.
Qf3 Qe7 9. O-O Bxc3 10. bxc3 Nh6 11. g3 O-O 12. Qh5 d6 13. Bxh6 gxh6 14. f4
dxe5 15. f5 Qg5 16. Qxg5 hxg5 17. fxg6 hxg6 18. Rae1 Bf5 19. Rxe5 Rfe8 20. g4
Rxe5 21. dxe5 Be6 22. Bxe6 fxe6 23. Rf6 Rd8 24. Rxe6 Rd1+ 25. Kf2 Rd2+ 26. Kg3
Rxc2 27. Rxg6+ Kf7 28. Rxg5 Rxc3+ 29. Kf4 Rc2 30. h4 Rxa2 31. h5 Rh2 32. Rf5+
Ke7 33. Kg5 a5 34. h6 a4 35. Kg6 a3 36. h7 a2 37. Rf1 b5 38. Ra1 Rh4 39. g5 b4
40. Rxa2 c5 41. Kg7 b3 42. Rb2 c4 43. g6 Ke6 44. h8=Q Rxh8 45. Kxh8 c3 46. Rxb3
c2 47. g7 c1=Q 48. g8=Q+ Kf5 49. Qf7+ Ke4 50. Qf3+ Kd4 51. Rd3+ Kc5 52. Qd5+
Kb6 53. Rb3+ Kc7 54. Rb7+ Kc8 55. Qd7# 1-0

[Event "?"]
[Site "ICC 5 0 10/01/97, Internet Ch"]
[Date "1997.??.??"]
[Round "?"]
[White "Brause"]
[Black "kerrigan"]
[Result "1-0"]
[WhiteElo "2385"]
[BlackElo "2415"]
[PlyCount "73"]

1. e4 e5 2. Nf3 Nc6 3. Nc3 Nf6 4. Nxe5 Nxe5 5. d4 Ng6 6. e5 Ng8 7. Bc4 d6 8.
Qf3 Be6 9. Qxb7 Bxc4 10. Qc6+ Ke7 11. exd6+ Ke6 12. dxc7+ Qd6 13. c8=Q+ Rxc8
14. Qxc8+ Ke7 15. Qxc4 Qe6+ 16. Qxe6+ fxe6 17. Nb5 a6 18. Nc7 a5 19. Bd2 Kd7
20. Bxa5 N8e7 21. Nb5 Nc6 22. Bd2 Nge7 23. O-O-O g6 24. c4 Nf5 25. Bc3 Bh6+ 26.
Kc2 Ra8 27. d5 exd5 28. Rxd5+ Kc8 29. a3 Ra4 30. b3 Ra8 31. Rhd1 Ra6 32. Rd7
Nfd4+ 33. R7xd4 Nxd4+ 34. Bxd4 Bg5 35. g3 Re6 36. a4 h5 37. f4 1-0

[Event "?"]
[Site "ICC 5 0 10/03/97, Internet Ch"]
[Date "1997.??.??"]
[Round "?"]
[White "Brause"]
[Black "WchessX"]
[Result "0-1"]
[WhiteElo "2435"]
[BlackElo "2785"]
[PlyCount "64"]

1. e4 e5 2. Nf3 Nc6 3. Nc3 Nf6 4. Nxe5 Nxe5 5. d4 Nc6 6. d5 Ne5 7. f4 Ng6 8. e5
Ng8 9. d6 c6 10. g3 h5 11. Bd3 h4 12. Bxg6 hxg3 13. Be4 Qh4 14. Ke2 gxh2 15.
Qd3 Nh6 16. Qf3 f5 17. Bd3 g6 18. Be3 Ng4 19. Bd4 Rh5 20. Kd2 Bh6 21. Rae1 Qh3
22. Ref1 Qxf3 23. Rxf3 b6 24. Bc4 Bb7 25. Be3 b5 26. Be2 Rh4 27. Bd4 c5 28.
Nxb5 cxd4 29. Nc7+ Kf8 30. e6 dxe6 31. Nxe6+ Kf7 32. Nxd4 Ne5 0-1

[Event "?"]
[Site "ICC 5 0 10/08/97, Internet Ch"]
[Date "1997.??.??"]
[Round "?"]
[White "Brause"]
[Black "Ferret"]
[Result "0-1"]
[WhiteElo "2490"]
[BlackElo "2865"]
[PlyCount "85"]

1. e4 e5 2. Nf3 Nc6 3. Nc3 Nf6 4. Nxe5 Nxe5 5. d4 Ng6 6. e5 Ng8 7. Bc4 d6 8.
Qf3 Qd7 9. O-O dxe5 10. dxe5 Nxe5 11. Re1 Bd6 12. Bf4 f6 13. Bb5 c6 14. Rad1
Qe6 15. Qg3 g5 16. Bxe5 Bxe5 17. f4 Qg4 18. fxe5 Qxg3 19. hxg3 cxb5 20. exf6+
Kf7 21. Rd8 Kxf6 22. Nxb5 h6 23. Nd6 Kg7 24. Ree8 b5 25. Rxc8 Rxc8 26. Rxc8 b4
27. Rc7+ Kf6 28. Rxa7 Ne7 29. a4 Nd5 30. a5 Ne3 31. c4 Ke6 32. Ra6 Rf8 33. Ne4+
Ke7 34. Ra7+ Ke6 35. Nc5+ Kd6 36. Nd3 Rf1+ 37. Kh2 Ng4+ 38. Kh3 h5 39. Ra6+ Ke7
40. Ra7+ Kf6 41. Rf7+ Kxf7 42. Ne5+ Ke6 43. Nxg4 0-1

[Event "?"]
[Site "ICC 5 0 10/17/97, Internet Ch"]
[Date "1997.??.??"]
[Round "?"]
[White "Brause"]
[Black "Ferret"]
[Result "1-0"]
[WhiteElo "2505"]
[BlackElo "1710"]
[PlyCount "75"]

1. e4 e5 2. Nf3 Nc6 3. Nc3 Nf6 4. Nxe5 Nxe5 5. d4 Ng6 6. e5 Ng8 7. Bc4 d6 8.
Qf3 Qd7 9. O-O dxe5 10. dxe5 Nxe5 11. Re1 Bd6 12. Bf4 f6 13. Bb5 c6 14. Rad1
Qe6 15. Qg3 Kf8 16. Bxe5 Bxe5 17. f4 cxb5 18. fxe5 Qb6+ 19. Re3 Bf5 20. Rd6 Qc5
21. Rd5 Qc7 22. Nxb5 Qxc2 23. exf6 Nxf6 24. Nd4 Qb1+ 25. Re1 Nxd5 26. Qd6+ Kf7
27. Qxd5+ Kf8 28. Ne6+ Bxe6 29. Qd6+ Kg8 30. Qxe6+ Kf8 31. Rxb1 g6 32. Rf1+ Kg7
33. Rf7+ Kh6 34. Qe3+ Kh5 35. g4+ Kxg4 36. Rf4+ Kh5 37. Qh3+ Kg5 38. Qh4# 1-0

[Event "?"]
[Site "ICC 5 0 09/01/97, Internet Ch"]
[Date "1997.??.??"]
[Round "?"]
[White "Brause"]
[Black "UBet"]
[Result "1-0"]
[WhiteElo "2430"]
[BlackElo "2240"]
[PlyCount "26"]

1. e4 e5 2. Nf3 Nc6 3. Nc3 Nf6 4. Nxe5 Nxe5 5. d4 Nc6 6. d5 Nb8 7. e5 Ng8 8. d6
cxd6 9. exd6 Qf6 10. Nb5 Na6 11. Bc4 Qe5+ 12. Be3 Qxb2 13. c3 Nf6 1-0

[Event "?"]
[Site "ICC 5 3 10/08/97, Internet Ch"]
[Date "1997.??.??"]
[Round "?"]
[White "Brause"]
[Black "WchessX"]
[Result "1-0"]
[WhiteElo "2465"]
[BlackElo "2805"]
[PlyCount "105"]

1. e4 e5 2. Nf3 Nc6 3. Nc3 Nf6 4. Nxe5 Nxe5 5. d4 Nc6 6. d5 Ne5 7. f4 Ng6 8. e5
Ng8 9. d6 c6 10. g3 b5 11. Ne4 Nh6 12. h4 Qa5+ 13. Bd2 b4 14. Qe2 Nf5 15. h5
Nxe5 16. fxe5 Nd4 17. Qd3 Qxe5 18. O-O-O Ne6 19. Bxb4 f5 20. Nd2 Rb8 21. Bc3
Qxd6 22. Qxf5 Qc5 23. Qf3 d5 24. Nb3 Qe7 25. Re1 Rb6 26. Nd4 Qf7 27. Qg4 c5 28.
Nxe6 Bxe6 29. Bh3 d4 30. Qe4 Qb7 31. Qxb7 Rxb7 32. Bd2 Rb6 33. Bxe6 Be7 34.
Rhf1 Rf8 35. Rxf8+ Kxf8 36. Re4 Bd6 37. g4 Bg3 38. Bd5 h6 39. g5 Bh2 40. Re6
Rxe6 41. Bxe6 hxg5 42. Bxg5 Bd6 43. Kd2 Be7 44. Bf4 Ke8 45. Be5 Bf8 46. c3
dxc3+ 47. Kxc3 Ke7 48. Bc4 Kd7 49. Bb5+ Ke6 50. Bb8 Kf6 51. Bxa7 g6 52. hxg6
Kxg6 53. Kc4 1-0

[Event "?"]
[Site "ICC 5 0 09/13/97, Internet Ch"]
[Date "1997.??.??"]
[Round "?"]
[White "Brause"]
[Black "Frank"]
[Result "1/2-1/2"]
[WhiteElo "2565"]
[BlackElo "2180"]
[PlyCount "233"]

1. e4 Nc6 2. Nf3 e5 3. Nc3 Nf6 4. Nxe5 Nxe5 5. d4 Ng6 6. e5 Bb4 7. exf6 Qxf6 8.
Qe2+ Ne7 9. Qe5 Bxc3+ 10. bxc3 Qxe5+ 11. dxe5 O-O 12. Bb5 Nc6 13. f4 f6 14. Ba3
Re8 15. Bc4+ d5 16. Bxd5+ Be6 17. Bxc6 bxc6 18. exf6 gxf6 19. O-O Bc4 20. Rf2
Re4 21. Bc5 a6 22. h3 Rae8 23. Kh2 Re2 24. a4 Rxf2 25. Bxf2 Re2 26. Kg3 Rxc2
27. Bd4 Kf7 28. Kh2 Bd5 29. Rg1 h5 30. a5 Kg6 31. c4 Bxc4 32. Rb1 Bd5 33. Rb2
Rxb2 34. Bxb2 Kf5 35. Kg3 Ke4 36. Bxf6 Kd3 37. Be7 Kd4 38. Kf2 c5 39. g4 hxg4
40. hxg4 c4 41. Ba3 Ke4 42. Bc1 Be6 43. f5 Bxf5 44. gxf5 Kxf5 45. Ke3 Ke5 46.
Bb2+ Kd5 47. Bd4 c5 48. Bc3 Kc6 49. Ke4 Kb7 50. Kd5 Ka8 51. Kxc5 Kb7 52. Bd4
Ka8 53. Bh8 c3 54. Bxc3 Kb7 55. Bb2 Ka8 56. Bc1 Kb7 57. Kd6 Ka8 58. Kc6 Ka7 59.
Be3+ Ka8 60. Kb6 Kb8 61. Kxa6 Ka8 62. Kb6 Kb8 63. Kb5 Ka8 64. a6 Kb8 65. Bc5
Ka8 66. Ka4 Kb8 67. a7+ Ka8 68. Kb4 Kb7 69. Bd4 Ka8 70. Kc3 Kb7 71. Be3 Ka8 72.
Kc2 Kb7 73. Bd4 Ka8 74. Kd2 Kb7 75. Bc5 Ka8 76. Ke2 Kb7 77. Be3 Ka8 78. Bf2 Kb7
79. Kf3 Ka8 80. Be3 Kb7 81. Bd4 Ka8 82. Kg2 Kb7 83. Be3 Ka8 84. Bb6 Kb7 85. Bd4
Ka8 86. Be3 Kb7 87. Kh1 Ka8 88. Kh2 Kb7 89. Bb6 Ka8 90. Bc5 Kb7 91. Kg1 Ka8 92.
Bf2 Kb7 93. Be3 Ka8 94. Kf2 Kb7 95. Ke1 Ka8 96. Kd1 Kb7 97. Bf2 Ka8 98. Kc2 Kb7
99. Kd3 Ka8 100. Kc4 Kb7 101. Bd4 Ka8 102. Be3 Kb7 103. Kd3 Ka8 104. Bc5 Kb7
105. Ke4 Ka8 106. Bb6 Kb7 107. Kf5 Ka8 108. Bc5 Kb7 109. Bd4 Ka8 110. Be3 Kb7
111. Kg5 Ka8 112. Kg6 Kb7 113. Kf7 Ka8 114. Bg1 Kb7 115. Ke6 Ka8 116. Bd4 Kb7
117. Kd5 1/2-1/2

[Event "?"]
[Site "ICC 5 3 09/11/97, Internet Ch"]
[Date "1997.??.??"]
[Round "?"]
[White "Brause"]
[Black "chesshazard"]
[Result "1-0"]
[WhiteElo "2525"]
[BlackElo "1955"]
[PlyCount "35"]

1. e4 e5 2. Nf3 Nc6 3. Nc3 Nf6 4. Nxe5 Nxe5 5. d4 Nc6 6. d5 Nb8 7. e5 Ng8 8. d6
cxd6 9. exd6 Qb6 10. Nb5 Na6 11. Qe2+ Kd8 12. Be3 Qa5+ 13. c3 Nf6 14. Qc4 Ke8
15. Bxa7 b6 16. b4 Qa4 17. Qe2+ Kd8 18. Bxb6+ 1-0

[Event "?"]
[Site "ICC 5 3 09/11/97, Internet Ch"]
[Date "1997.??.??"]
[Round "?"]
[White "Brause"]
[Black "HardRochade"]
[Result "1-0"]
[WhiteElo "2530"]
[BlackElo "2770"]
[PlyCount "29"]

1. e4 e5 2. Nf3 Nc6 3. Nc3 Nf6 4. Nxe5 Nxe5 5. d4 Nc6 6. d5 Ne5 7. f4 Ng6 8. e5
Ng8 9. d6 cxd6 10. exd6 Qb6 11. Qe2+ Kd8 12. f5 Nh4 13. Qg4 Bxd6 14. Qxg7 Be5
15. Bg5+ 1-0

[Event "?"]
[Site "ICC 5 3 09/11/97, Internet Ch"]
[Date "1997.??.??"]
[Round "?"]
[White "Brause"]
[Black "chessed"]
[Result "1-0"]
[WhiteElo "2530"]
[BlackElo "1805"]
[PlyCount "47"]

1. e4 e5 2. Nf3 Nc6 3. Nc3 Nf6 4. Nxe5 Nxe5 5. d4 Nc6 6. d5 Nb8 7. e5 Ng8 8. d6
cxd6 9. exd6 Qb6 10. Nb5 Na6 11. Qe2+ Kd8 12. Be3 Qa5+ 13. c3 Nf6 14. Qc4 h6
15. b4 Qa4 16. Bxa7 Rxa7 17. Nxa7 Bxd6 18. Qxc8+ Ke7 19. Qxh8 Bxb4 20. Nc8+ Ke6
21. Bc4+ Kf5 22. Bd3+ Kf4 23. O-O Bxc3 24. Qxg7 1-0

[Event "?"]
[Site "ICC 5 3 09/11/97, Internet Ch"]
[Date "1997.??.??"]
[Round "?"]
[White "Brause"]
[Black "chessed"]
[Result "1-0"]
[WhiteElo "2530"]
[BlackElo "1805"]
[PlyCount "25"]

1. e4 e5 2. Nf3 Nc6 3. Nc3 Nf6 4. Nxe5 Nxe5 5. d4 Ng6 6. e5 Ng8 7. Bc4 c6 8.
Qf3 Qe7 9. O-O b5 10. Nxb5 cxb5 11. Qxa8 bxc4 12. Qxc8+ Qd8 13. Qxc4 1-0

[Event "?"]
[Site "ICC 5 3 09/11/97, Internet Ch"]
[Date "1997.??.??"]
[Round "?"]
[White "Brause"]
[Black "brit"]
[Result "1-0"]
[WhiteElo "2535"]
[BlackElo "2030"]
[PlyCount "93"]

1. e4 e5 2. Nf3 Nc6 3. Nc3 Nf6 4. Nxe5 Nxe5 5. d4 Ng6 6. e5 Ng8 7. Bc4 Bb4 8.
Qf3 f5 9. h4 d5 10. Qxd5 Qxd5 11. Bxd5 c6 12. Bb3 Nf8 13. a3 Bxc3+ 14. bxc3 Be6
15. a4 Ne7 16. O-O Bd5 17. c4 Ne6 18. cxd5 Nxd5 19. Rd1 O-O-O 20. Bb2 g5 21.
Bxd5 cxd5 22. hxg5 Rhg8 23. Ba3 Rd7 24. Bd6 Rxg5 25. Kf1 Rdg7 26. g3 f4 27.
gxf4 Nxf4 28. Ke1 Rg1+ 29. Kd2 R1g2 30. Ke3 R2g4 31. f3 Rh4 32. Ra3 Rg2 33. Rd2
Rg1 34. Rc3+ Kd8 35. Rc7 Ne6 36. Rxb7 Re1+ 37. Kf2 Rhh1 38. Rxa7 Rhf1+ 39. Kg3
Rg1+ 40. Rg2 Nxd4 41. Rxh7 Nf5+ 42. Kf4 Nxd6 43. Rxg1 Rxg1 44. exd6 Rc1 45. a5
Rxc2 46. a6 Ra2 47. a7 1-0

[Event "?"]
[Site "ICC 5 3 09/11/97, Internet Ch"]
[Date "1997.??.??"]
[Round "?"]
[White "Brause"]
[Black "brit"]
[Result "1/2-1/2"]
[WhiteElo "2535"]
[BlackElo "2030"]
[PlyCount "137"]

1. e4 e5 2. Nf3 Nc6 3. Nc3 Nf6 4. Nxe5 Nxe5 5. d4 Ng6 6. e5 Ng8 7. Bc4 Bb4 8.
Qf3 f5 9. h4 d5 10. Bb3 h5 11. Qxd5 Qxd5 12. Bxd5 c6 13. Bxg8 Rxg8 14. Bd2 Be6
15. a3 Bxc3 16. Bxc3 Bd5 17. f3 Nf4 18. Bd2 Ne6 19. Be3 b5 20. O-O-O Kf7 21.
Rd2 a5 22. Rf1 a4 23. g3 Rgd8 24. Rff2 Rac8 25. Rd3 Bc4 26. Rd1 c5 27. dxc5
Rxd1+ 28. Kxd1 Nxc5 29. Rd2 Ke7 30. Rd6 Ne6 31. c3 Rd8 32. Rxd8 Kxd8 33. f4 Kc7
34. Kc2 Kc6 35. Bf2 Kd5 36. Kd1 Nc5 37. Bxc5 Kxc5 38. Kd2 Kd5 39. Ke3 Bb3 40.
Kd3 Ba2 41. Ke3 Kc4 42. Kd2 Kd5 43. Ke3 Bc4 44. Kf3 Bd3 45. Kf2 Be4 46. Ke2 Kc4
47. Kd2 Kb3 48. Kc1 Bd3 49. Kd2 Be4 50. Kc1 g6 51. e6 Kc4 52. e7 Bc6 53. Kc2
Kd5 54. b4 Ke6 55. Kd3 Kxe7 56. Kd4 Kd6 57. c4 bxc4 58. Kxc4 Bf3 59. Kb5 Bd1
60. Ka6 Kc7 61. Kb5 Kb7 62. Kc5 Ka6 63. Kd4 Kb5 64. Kd5 Bf3+ 65. Kd4 Bc6 66.
Kc3 Bf3 67. Kd4 Bg4 68. Kd5 Bf3+ 69. Kd4 1/2-1/2

[Event "?"]
[Site "ICC 5 3 09/11/97, Internet Ch"]
[Date "1997.??.??"]
[Round "?"]
[White "Brause"]
[Black "brit"]
[Result "1-0"]
[WhiteElo "2520"]
[BlackElo "2045"]
[PlyCount "51"]

1. e4 e5 2. Nf3 Nc6 3. Nc3 Nf6 4. Nxe5 Nxe5 5. d4 Ng6 6. e5 Ng8 7. Bc4 Bb4 8.
Qf3 f5 9. h4 d5 10. Qxd5 Qxd5 11. Bxd5 c6 12. Bf3 Be6 13. a3 Bxc3+ 14. bxc3
N8e7 15. h5 Nf8 16. Bg5 Bd5 17. Rb1 Bxf3 18. Rxb7 Nd5 19. gxf3 Ne6 20. Bd2 O-O
21. O-O Nb6 22. Rb1 Nc4 23. Bc1 a5 24. Re7 Rfe8 25. Rbb7 Rab8 26. Rxe6 1-0

[Event "?"]
[Site "ICC 5 3 09/12/97, Internet Ch"]
[Date "1997.??.??"]
[Round "?"]
[White "Brause"]
[Black "bobbyb"]
[Result "1-0"]
[WhiteElo "2525"]
[BlackElo "2710"]
[PlyCount "61"]

1. e4 e5 2. Nf3 Nc6 3. Nc3 Nf6 4. Nxe5 Nxe5 5. d4 Nc4 6. Bxc4 Bb4 7. O-O d5 8.
Nxd5 Nxd5 9. exd5 Bd6 10. Re1+ Kf8 11. Qh5 Qf6 12. Qg5 Qxg5 13. Bxg5 h6 14. Be3
h5 15. Re2 h4 16. Rae1 Bxh2+ 17. Kxh2 h3 18. Bf4 hxg2+ 19. Kxg2 Bh3+ 20. Kg3
Bd7 21. Bxc7 Rh3+ 22. Kf4 Rh4+ 23. Ke3 Re8+ 24. Kd3 Bf5+ 25. Kc3 Rh3+ 26. Kb4
a5+ 27. Kxa5 Ra8+ 28. Kb6 Rh6+ 29. Kxb7 Bd7 30. Kxa8 Ra6+ 31. Bxa6 1-0

[Event "?"]
[Site "ICC 5 3 09/12/97, Internet Ch"]
[Date "1997.??.??"]
[Round "?"]
[White "Brause"]
[Black "bobbyb"]
[Result "1-0"]
[WhiteElo "2525"]
[BlackElo "2710"]
[PlyCount "54"]

1. e4 e5 2. Nf3 Nc6 3. Nc3 Nf6 4. Nxe5 Nxe5 5. d4 Nc4 6. Bxc4 Bb4 7. O-O d5 8.
Nxd5 Nxd5 9. exd5 Bd6 10. Qe2+ Kf8 11. Qh5 Qf6 12. Qg5 Qxg5 13. Bxg5 h6 14. Be3
h5 15. Rfe1 h4 16. Rad1 Bxh2+ 17. Kxh2 h3 18. Bf4 hxg2+ 19. Kxg2 Bh3+ 20. Kg3
Bd7 21. Rh1 Rg8 22. Bxc7 Rc8 23. d6 Re8 24. Rde1 Rxe1 25. Rxe1 Rh8 26. Re7 Rh3+
27. Kg2 Kg8 1-0